All destiny 2 Exotic weapons - Statistics

General Stats
  • This quiz has been taken 265 times
  • The average score is 9 of 19
Answer Stats
Answer % Correct
Sunshot
75%
Riskrunner
69%
Graviton Lance
57%
MIDA Multi-Tool
56%
Sweet Business
55%
Rat King
52%
Coldheart
50%
Sturm
50%
Legend of Acrius
49%
D.A.R.C.I.
48%
Hard Light
46%
Merciless
43%
Skyburner's Oath
37%
Tractor Cannon
37%
Borealis
36%
Vigilance Wing
36%
Fighting Lion
29%
The Prospector
21%
The Wardclif Coil
6%
No matching quizzes found
Score Distribution
Percent of People with Each Score
Percentile by Number Answered
Your Score History
You have not taken this quiz